| 000 | 00342pam a2200121 a 4500 | ||
|---|---|---|---|
| 020 |
_a81-85617-43-0 _c |
||
| 041 | _h | ||
| 082 |
_a658.3124 _bPAR/KRO |
||
| 100 | _aPARKER G.M.,KROPR R.P., | ||
| 245 |
_aTEAM BUILDING: A SOURCEBOOK OF ACTIVITES FOR TRAINERS _hTextual Documents |
||
| 260 |
_aNEW DELHI _bVIVA BOOKS PVT LTD _c1996 |
||
| 930 | _a7728 | ||
| 999 |
_c127191 _d127191 |
||